[Event "Titled Tuesday 2020.02.04 Late"]
[Site "Chess.com INT"]
[Date "2020.02.04"]
[Round "4"]
[White "Marin Masis, Jose Esteban"]
[Black "Golubka, Petro"]
[Result "0-1"]
[WhiteElo "2143"]
[BlackElo "2501"]
[WhiteFideId "-1"]
[BlackFideId "-1"]
[PlyCount "110"]
[GameId "1515682687832064"]
[EventDate "2020.02.04"]
[EventType "swiss (blitz)"]
[EventRounds "10"]
[EventCountry "NET"]
[SourceTitle "EXT 2021"]
[Source "ChessBase"]
[SourceDate "2020.10.23"]
[SourceVersion "1"]
[SourceVersionDate "2020.10.23"]
[SourceQuality "1"]

1. Nf3 Nf6 2. c4 g6 3. b4 Bg7 4. Bb2 O-O 5. g3 d5 6. cxd5 Nxd5 7. Bxg7 Kxg7 8. a3 a5 9. b5 c6 10. bxc6 Nxc6 11. Bg2 e5 12. d3 Be6 13. O-O Qe7 14. Nbd2 Nc3 15. Qe1 b5 16. Ne4 Nxe4 17. dxe4 b4 18. axb4 axb4 19. Rxa8 Rxa8 20. Qc1 Ra6 21. Qb2 Ra2 22. Qc1 Ra6 23. Qb2 f6 24. Ra1 Qa7 25. Rb1 Ra2 26. Qc1 Rxe2 27. Qf1 Rc2 28. Rc1 Rxc1 29. Qxc1 Qb6 30. Qb2 b3 31. Bf1 Nd4 32. Nd2 h5 33. Bc4 Bxc4 34. Nxc4 Qc6 35. Ne3 Qxe4 36. h4 Qb7 37. Nd1 Qc6 38. Ne3 Qc1+ 39. Qxc1 Ne2+ 40. Kf1 Nxc1 41. Nc4 Nd3 42. Nd2 b2 43. Ke2 e4 44. Nb1 f5 45. f3 Kf6 46. fxe4 fxe4 47. Ke3 Ke5 48. Nd2 Kd5 49. Nb1 Nc5 50. Nc3+ Kc4 51. Nb1 Kb3 52. Kd2 Na4 53. Ke3 Nc3 54. Nd2+ Kc2 55. Kd4 Kxd2 0-1

[Event "Titled Tuesday 2020.02.04 Late"]
[Site "Chess.com INT"]
[Date "2020.02.04"]
[Round "5"]
[White "Artemiev, Vladislav"]
[Black "Golubka, Petro"]
[Result "1-0"]
[WhiteElo "2728"]
[BlackElo "2501"]
[WhiteFideId "-1"]
[BlackFideId "-1"]
[PlyCount "103"]
[GameId "1515682688360448"]
[EventDate "2020.02.04"]
[EventType "swiss (blitz)"]
[EventRounds "10"]
[EventCountry "NET"]
[SourceTitle "EXT 2021"]
[Source "ChessBase"]
[SourceDate "2020.10.23"]
[SourceVersion "1"]
[SourceVersionDate "2020.10.23"]
[SourceQuality "1"]

1. Nf3 Nf6 2. c4 g6 3. b3 Bg7 4. Bb2 O-O 5. g3 c6 6. Bg2 d5 7. O-O Na6 8. d3 Re8 9. Nbd2 Nc5 10. Rc1 dxc4 11. Rxc4 Na6 12. Qa1 Nc7 13. Rfc1 Bf5 14. h3 Be6 15. R4c2 Qc8 16. Kh2 a5 17. Ne4 Qd8 18. Nc5 Bc8 19. Rc4 Ne6 20. Ne4 Nxe4 21. Rxe4 Bxb2 22. Qxb2 Ng7 23. Qd2 f6 24. Ra4 Bd7 25. d4 b5 26. Ra3 b4 27. Ra4 c5 28. Rxc5 Bxa4 29. bxa4 Rc8 30. Rb5 Rc3 31. d5 Nf5 32. Nd4 Nxd4 33. Qxd4 Rc2 34. Qe4 Rc3 35. Qe6+ Kf8 36. Rb6 Rc2 37. Bf3 Rxa2 38. Rb7 Rb2 39. Rd7 Qc8 40. d6 Rd2 41. Bd5 Rxd5 42. dxe7+ Kg7 43. Qxd5 Qc2 44. Rd8 Rxe7 45. Qg8+ Kh6 46. Qf8+ Rg7 47. Rd7 Qxe2 48. Qxg7+ Kg5 49. Rd5+ f5 50. h4+ Kg4 51. Rd4+ Kh5 52. Qxh7# 1-0

[Event "Titled Tuesday 2020.02.04 Late"]
[Site "Chess.com INT"]
[Date "2020.02.04"]
[Round "6"]
[White "Golubka, Petro"]
[Black "Shtembuliak, Evgeny"]
[Result "1-0"]
[WhiteElo "2501"]
[BlackElo "2628"]
[WhiteFideId "-1"]
[BlackFideId "-1"]
[PlyCount "103"]
[GameId "1515682688966656"]
[EventDate "2020.02.04"]
[EventType "swiss (blitz)"]
[EventRounds "10"]
[EventCountry "NET"]
[SourceTitle "EXT 2021"]
[Source "ChessBase"]
[SourceDate "2020.10.23"]
[SourceVersion "1"]
[SourceVersionDate "2020.10.23"]
[SourceQuality "1"]

1. e4 g6 2. d4 Bg7 3. Nc3 d6 4. Be3 a6 5. a4 b6 6. h4 h5 7. Qd2 Nf6 8. f3 c5 9. dxc5 bxc5 10. e5 dxe5 11. Qxd8+ Kxd8 12. O-O-O+ Ke8 13. Bxc5 Nbd7 14. Be3 Bb7 15. Bc4 e4 16. fxe4 e6 17. Bd4 Rc8 18. b3 Bh6+ 19. Kb2 e5 20. Bf2 Ng4 21. Nh3 Nxf2 22. Nxf2 Nb6 23. Bd5 Nxd5 24. Nxd5 Bxd5 25. Rxd5 Be3 26. Nd1 Bf4 27. Rh3 Kf8 28. Rf3 Kg7 29. g3 Bh6 30. Rxe5 Rhe8 31. Rxe8 Rxe8 32. Nf2 Bd2 33. c3 a5 34. Kc2 Be1 35. Kd3 Rb8 36. Nd1 Rd8+ 37. Ke2 Bd2 38. Rd3 Rxd3 39. Kxd3 Be1 40. b4 Bxg3 41. bxa5 Bc7 42. a6 Bb6 43. Ne3 g5 44. Nd5 Ba7 45. hxg5 h4 46. Nf4 Kf8 47. Ke2 Ke7 48. Kf3 Kd6 49. Nd3 Kc6 50. Ne5+ Kb6 51. Nxf7 Kxa6 52. g6 1-0

[Event "Titled Tuesday 2020.02.04 Late"]
[Site "Chess.com INT"]
[Date "2020.02.04"]
[Round "7"]
[White "Golubka, Petro"]
[Black "Gordievsky, Dmitry"]
[Result "0-1"]
[WhiteElo "2501"]
[BlackElo "2559"]
[WhiteFideId "-1"]
[BlackFideId "-1"]
[PlyCount "72"]
[GameId "1515682689310720"]
[EventDate "2020.02.04"]
[EventType "swiss (blitz)"]
[EventRounds "10"]
[EventCountry "NET"]
[SourceTitle "EXT 2021"]
[Source "ChessBase"]
[SourceDate "2020.10.23"]
[SourceVersion "1"]
[SourceVersionDate "2020.10.23"]
[SourceQuality "1"]

1. e4 c5 2. Nf3 e6 3. c4 Nc6 4. Nc3 Nf6 5. d4 cxd4 6. Nxd4 Bc5 7. Nxc6 dxc6 8. Qxd8+ Kxd8 9. f3 e5 10. Be2 Be6 11. Bd2 Nd7 12. O-O-O f6 13. Kc2 Kc7 14. b3 a5 15. Na4 Bd4 16. Bc3 c5 17. Bd2 Nb8 18. Nc3 Bxc3 19. Bxc3 Nc6 20. Kb2 a4 21. Bd3 Ra6 22. Bc2 Rha8 23. bxa4 Bxc4 24. Bb3 Bxb3 25. axb3 b5 26. Rd5 bxa4 27. Rxc5 axb3 28. Kxb3 Rb8+ 29. Kc4 Ra4+ 30. Kd5 Rd8+ 31. Ke6 Rd6+ 32. Kf7 Rd7+ 33. Ke6 Ra6 34. Kf5 Kb6 35. Rd5 Ne7+ 36. Ke6 Kc7+ 0-1

[Event "Titled Tuesday 2020.02.04 Late"]
[Site "Chess.com INT"]
[Date "2020.02.04"]
[Round "8"]
[White "Ovetchkin, Roman"]
[Black "Golubka, Petro"]
[Result "0-1"]
[WhiteElo "2518"]
[BlackElo "2501"]
[WhiteFideId "-1"]
[BlackFideId "-1"]
[PlyCount "44"]
[GameId "1515682689572864"]
[EventDate "2020.02.04"]
[EventType "swiss (blitz)"]
[EventRounds "10"]
[EventCountry "NET"]
[SourceTitle "EXT 2021"]
[Source "ChessBase"]
[SourceDate "2020.10.23"]
[SourceVersion "1"]
[SourceVersionDate "2020.10.23"]
[SourceQuality "1"]

1. d4 Nf6 2. c4 g6 3. Nc3 d5 4. cxd5 Nxd5 5. e4 Nxc3 6. bxc3 Bg7 7. Be3 c5 8. Qd2 Qa5 9. Rb1 a6 10. Rc1 O-O 11. d5 Nd7 12. c4 Qxd2+ 13. Kxd2 b5 14. Nf3 f5 15. exf5 gxf5 16. Bg5 Nf6 17. Bd3 Ne4+ 18. Ke3 Nxg5 19. Nxg5 h6 20. Nf3 b4 21. Rhe1 Bc3 22. Re2 f4+ 0-1

[Event "Titled Tuesday 2020.02.04 Late"]
[Site "Chess.com INT"]
[Date "2020.02.04"]
[Round "9"]
[White "Mikaelyan, Arman"]
[Black "Golubka, Petro"]
[Result "1-0"]
[WhiteElo "2479"]
[BlackElo "2501"]
[WhiteFideId "-1"]
[BlackFideId "-1"]
[PlyCount "101"]
[GameId "1515682690297856"]
[EventDate "2020.02.04"]
[EventType "swiss (blitz)"]
[EventRounds "10"]
[EventCountry "NET"]
[SourceTitle "EXT 2021"]
[Source "ChessBase"]
[SourceDate "2020.10.23"]
[SourceVersion "1"]
[SourceVersionDate "2020.10.23"]
[SourceQuality "1"]

1. e4 c5 2. Nc3 d6 3. f4 Nc6 4. Nf3 a6 5. g3 Bg4 6. h3 Bxf3 7. Qxf3 g6 8. Bg2 Bg7 9. O-O Nd4 10. Qd1 e6 11. d3 Ne7 12. Ne2 O-O 13. c3 Nxe2+ 14. Qxe2 Qd7 15. g4 Rae8 16. Be3 b5 17. Rae1 a5 18. f5 exf5 19. gxf5 gxf5 20. exf5 f6 21. Qh5 Kh8 22. Rf4 Ng8 23. Rh4 Bh6 24. Bf2 Rxe1+ 25. Bxe1 Bg5 26. Re4 Qxf5 27. Qe2 Qg6 28. h4 Bc1 29. h5 Qg5 30. Bh4 Qh6 31. Re6 Bf4 32. Qg4 Be3+ 33. Kh2 Qf4+ 34. Qxf4 Bxf4+ 35. Bg3 Bxg3+ 36. Kxg3 Kg7 37. Rxd6 Re8 38. Be4 Re7 39. Kf4 Nh6 40. Rd5 Rc7 41. c4 bxc4 42. dxc4 Nf7 43. b3 Ng5 44. Bf5 Kh6 45. Rd6 Kxh5 46. Rxf6 Rf7 47. Rxf7 Nxf7 48. Bxh7 Kh6 49. Bg8 Ng5 50. Bd5 Kg6 51. Ke5 1-0

[Event "Cracovia op"]
[Site "Krakow POL"]
[Date "2019.12.31"]
[Round "6.4"]
[White "Golubka, Petro"]
[Black "Evchin, Maxim"]
[Result "1-0"]
[WhiteElo "2479"]
[BlackElo "2315"]
[WhiteFideId "-1"]
[BlackFideId "-1"]
[PlyCount "91"]
[GameId "2130307599523525"]
[EventDate "2019.12.27"]
[EventType "swiss"]
[EventRounds "9"]
[EventCountry "POL"]
[SourceTitle "10 Days #602"]
[Source "ChessMix"]
[SourceDate "2020.01.10"]
[SourceVersion "1"]
[SourceVersionDate "2020.01.10"]
[SourceQuality "1"]

1. c4 g6 2. g3 Bg7 3. Bg2 c5 4. Nc3 Nc6 5. d3 d6 6. Nf3 e5 7. O-O Nge7 8. Rb1 O-O 9. a3 a5 10. Ne1 Be6 11. Nc2 d5 12. cxd5 Nxd5 13. Ne3 Nde7 14. Nc4 Rb8 15. Nb5 f5 16. Bg5 h6 17. Bxe7 Qxe7 18. Qa4 Ra8 19. Rbc1 Ra6 20. Rfe1 Kh7 21. Nd2 e4 22. dxe4 Bxb2 23. Rc2 Bg7 24. Rec1 Qd7 25. Nf3 fxe4 26. Rd2 exf3 27. Rxd7 Bxd7 28. Qd1 Ne5 29. Rxc5 Bxb5 30. Rxb5 fxg2 31. Rxb7 Rf7 32. Rxf7 Nxf7 33. Qd3 Ra7 34. f4 a4 35. h4 Ra5 36. Qd7 Kg8 37. e4 Bf8 38. e5 Bxa3 39. e6 Rf5 40. h5 gxh5 41. e7 Bxe7 42. Qxf5 a3 43. Qxh5 Kg7 44. Qd5 Bf6 45. g4 Bb2 46. Kxg2 1-0

[Event "Cracovia op"]
[Site "Krakow POL"]
[Date "2020.01.03"]
[Round "8.2"]
[White "Sabuk, Piotr"]
[Black "Golubka, Petro"]
[Result "0-1"]
[WhiteElo "2354"]
[BlackElo "2479"]
[WhiteFideId "-1"]
[BlackFideId "-1"]
[PlyCount "155"]
[GameId "2130307599523569"]
[EventDate "2019.12.27"]
[EventType "swiss"]
[EventRounds "9"]
[EventCountry "POL"]
[SourceTitle "10 Days #602"]
[Source "ChessMix"]
[SourceDate "2020.01.10"]
[SourceVersion "1"]
[SourceVersionDate "2020.01.10"]
[SourceQuality "1"]

1. d4 Nf6 2. c4 e6 3. Nc3 Bb4 4. f3 d5 5. a3 Bxc3+ 6. bxc3 c5 7. cxd5 Nxd5 8. dxc5 Qa5 9. e4 Ne7 10. Be3 O-O 11. Qb3 Nbc6 12. Nh3 Bd7 13. Nf4 Kh8 14. Be2 Ne5 15. O-O Rab8 16. a4 Rfd8 17. Rfb1 Be8 18. Qa3 N5c6 19. Bf1 e5 20. Nd3 Qc7 21. a5 f5 22. exf5 Nxf5 23. Bf2 Bf7 24. Qa4 Bg6 25. Re1 Nfe7 26. Nb4 a6 27. Bg3 Rd2 28. Nxc6 Nxc6 29. f4 Bc2 30. Qc4 Nxa5 31. Qe6 Qxc5+ 32. Kh1 Nc6 33. fxe5 Rf8 34. Qc4 Qe7 35. e6 Bf5 36. Qf4 Rd5 37. Bh4 Qc5 38. Bc4 Bxe6 39. Rxe6 Rxf4 40. Bxd5 Qxd5 41. Re8+ Qg8 42. Rxg8+ Kxg8 43. Bg3 Rc4 44. Ra3 Kf7 45. Kg1 Ke6 46. Kf2 Na7 47. Ra1 Nb5 48. Re1+ Kf6 49. Be5+ Kf7 50. Ke3 Rc6 51. Rf1+ Ke6 52. Bxg7 Nxc3 53. Rf6+ Ke7 54. Rxc6 Nd5+ 55. Kd4 bxc6 56. Kc5 Kd7 57. g4 a5 58. Bb2 Nf4 59. Ba3 Nd3+ 60. Kd4 Nf2 61. g5 Nh3 62. Bc1 Kd6 63. Ba3+ Ke6 64. Kc5 Nxg5 65. Kxc6 Nf3 66. h3 h5 67. Kb5 Ng5 68. h4 Nf3 69. Kxa5 Nxh4 70. Kb5 Nf3 71. Bc5 h4 72. Bf2 h3 73. Bg3 Kd5 74. Kb4 Kd4 75. Kb5 Nd2 76. Kc6 Nf1 77. Bd6 Ke4 78. Kc5 0-1

[Event "Cracovia op"]
[Site "Krakow POL"]
[Date "2020.01.04"]
[Round "9.1"]
[White "Moroni, Luca jr"]
[Black "Golubka, Petro"]
[Result "1/2-1/2"]
[WhiteElo "2528"]
[BlackElo "2479"]
[WhiteFideId "-1"]
[BlackFideId "-1"]
[PlyCount "68"]
[GameId "2130307599527687"]
[EventDate "2019.12.27"]
[EventType "swiss"]
[EventRounds "9"]
[EventCountry "POL"]
[SourceTitle "10 Days #602"]
[Source "ChessMix"]
[SourceDate "2020.01.10"]
[SourceVersion "1"]
[SourceVersionDate "2020.01.10"]
[SourceQuality "1"]

1. e4 c5 2. Nf3 d6 3. d4 cxd4 4. Qxd4 Nc6 5. Qe3 Nf6 6. c4 Bg4 7. Nc3 Bxf3 8. Qxf3 g6 9. Qd1 Bg7 10. Be3 Qa5 11. f3 O-O 12. Rc1 e6 13. Qxd6 Rfd8 14. Qc5 Qxc5 15. Bxc5 Bh6 16. Rd1 Rxd1+ 17. Nxd1 Rd8 18. Be2 b6 19. Bf2 Rd2 20. a3 Nd7 21. h4 Nd4 22. Bxd4 Rxd4 23. h5 Bc1 24. hxg6 hxg6 25. Nc3 Bd2+ 26. Kf2 Bxc3 27. bxc3 Rd2 28. Rd1 Rxd1 29. Bxd1 e5 30. Ba4 Nc5 31. Bc6 Kg7 32. Ke3 f6 33. Be8 Kh6 34. g3 Kg7 1/2-1/2

[Event "Krakow op-A 30th"]
[Site "Krakow"]
[Date "2019.12.28"]
[Round "2"]
[White "Golubka, Petro"]
[Black "Kucharska, Honorata"]
[Result "1-0"]
[WhiteElo "2479"]
[BlackElo "2179"]
[WhiteFideId "-1"]
[BlackFideId "-1"]
[PlyCount "59"]
[GameId "1495718404636672"]
[EventDate "2019.12.27"]
[EventType "swiss"]
[EventRounds "9"]
[EventCountry "POL"]
[SourceTitle "CBM 195 Extra"]
[Source "ChessBase"]
[SourceDate "2020.05.31"]
[SourceVersion "1"]
[SourceVersionDate "2020.05.31"]
[SourceQuality "1"]

1. d4 Nf6 2. Nf3 d6 3. c4 g6 4. Nc3 Bg7 5. e4 O-O 6. h3 e5 7. d5 Nh5 8. Be3 f5 9. Qc2 Na6 10. a3 Nf4 11. O-O-O Nc5 12. Bxc5 dxc5 13. g3 Nh5 14. Bd3 Bd7 15. Kb1 a6 16. Ka2 fxe4 17. Bxe4 b5 18. d6 c6 19. Rhe1 Rb8 20. Qd2 b4 21. Na4 bxa3 22. b3 Nf6 23. Nxe5 Nxe4 24. Rxe4 Bxe5 25. Rxe5 Rf3 26. Nxc5 Qb6 27. Re3 Qxc5 28. Rxf3 Qe5 29. Re3 Qf6 30. f4 1-0

[Event "UKR-ch"]
[Site "Lutsk UKR"]
[Date "2019.12.10"]
[Round "1.5"]
[White "Kovchan, Alexander"]
[Black "Golubka, Petro"]
[Result "0-1"]
[WhiteElo "2572"]
[BlackElo "2479"]
[WhiteFideId "-1"]
[BlackFideId "-1"]
[PlyCount "98"]
[GameId "2129404752039162"]
[EventDate "2019.12.10"]
[EventType "tourn"]
[EventRounds "9"]
[EventCountry "UKR"]
[EventCategory "15"]
[SourceTitle "10 Days #600"]
[Source "Chess Mix"]
[SourceDate "2019.12.20"]
[SourceVersion "1"]
[SourceVersionDate "2019.12.20"]
[SourceQuality "1"]
[TimeControl "40/5400+30:1800+30"]

{[%evp 0,91,22,22,22,28,23,-9,18,15,23,14,23,9,9,8,13,3,26,16,4,-7,7,9,18,18,-4,22,14,14,11,33,39,37,37,33,31,12,41,42,88,77,51,92,36,50,30,56,42,17,46,46,52,-28,-21,-26,55,39,33,37,66,71,72,75,93,-99,0,-223,-250,-310,-319,-357,-402,-381,-404,-778,-818,-1032,-82,-99,-106,-99,-167,-167,-182,-182,-144,-155,-151,-158,-158,-158,-171,-170]} 1. Nf3 d5 2. d4 Nf6 3. g3 g6 4. Bg2 Bg7 5. O-O O-O 6. c4 dxc4 7. Na3 c3 8. bxc3 c5 9. Bb2 Nc6 10. Re1 Qb6 11. Nc4 Qa6 12. Nfe5 Be6 13. Nxc6 bxc6 14. Ne5 Rab8 15. Qc1 Rfc8 16. Ba3 cxd4 17. cxd4 Nd5 18. Bc5 Qa4 19. Rd1 Rb5 20. Rd3 Bxe5 21. dxe5 Qa5 22. Ra3 Qc7 23. f4 Nb6 24. Bf1 a5 25. Bf2 c5 26. Rb1 Rxb1 27. Qxb1 Nd5 28. e4 Nb4 29. g4 Bxg4 30. Rc3 Rd8 31. Rxc5 Qd7 32. a3 Bh3 33. Be2 Qd2 34. Qe1 Qxf4 35. Rc3 Nc2 36. Qb1 Rd2 37. Qc1 Qxe4 38. Bf3 Nd4 39. Bxe4 Ne2+ 40. Kh1 Nxc1 41. Bg1 Ne2 42. Rxh3 Rd1 43. Rg3 Nxg3+ 44. hxg3 Ra1 45. Kg2 Rxa3 46. Bc5 Ra2+ 47. Kf3 e6 48. Ke3 a4 49. Bb1 Rg2 0-1

[Event "UKR-ch"]
[Site "Lutsk UKR"]
[Date "2019.12.11"]
[Round "2.3"]
[White "Golubka, Petro"]
[Black "Kuzubov, Yuriy"]
[Result "1/2-1/2"]
[WhiteElo "2479"]
[BlackElo "2667"]
[WhiteFideId "-1"]
[BlackFideId "-1"]
[PlyCount "57"]
[GameId "2130307600146235"]
[EventDate "2019.12.10"]
[EventType "tourn"]
[EventRounds "9"]
[EventCountry "UKR"]
[EventCategory "15"]
[SourceTitle "10 Days #600"]
[Source "Chess Mix"]
[SourceDate "2019.12.20"]
[SourceVersion "1"]
[SourceVersionDate "2019.12.20"]
[SourceQuality "1"]

1. d4 Nf6 2. c4 e6 3. Nf3 d5 4. Nc3 Nbd7 5. Qc2 c5 6. cxd5 Nxd5 7. Bg5 Qa5 8. Bd2 cxd4 9. Nxd4 Nxc3 10. a3 Qa4 11. Qxc3 Bc5 12. e3 Bxd4 13. Qxd4 Qxd4 14. exd4 Nf6 15. Bg5 Nd5 16. Bc4 Nb6 17. Bd3 Bd7 18. f3 Bc6 19. Kf2 h6 20. Be3 Nd5 21. Rac1 Nxe3 22. Kxe3 Ke7 23. Rc5 Rhd8 24. Rhc1 Rd7 25. Be4 Bxe4 26. fxe4 Rad8 27. Rc7 f5 28. g3 Kd6 29. Rc8 1/2-1/2

[Event "UKR-ch"]
[Site "Lutsk UKR"]
[Date "2019.12.12"]
[Round "3.3"]
[White "Moiseenko, Alexander"]
[Black "Golubka, Petro"]
[Result "1-0"]
[WhiteElo "2623"]
[BlackElo "2479"]
[WhiteFideId "-1"]
[BlackFideId "-1"]
[PlyCount "115"]
[GameId "2129404752039166"]
[EventDate "2019.12.10"]
[EventType "tourn"]
[EventRounds "9"]
[EventCountry "UKR"]
[EventCategory "15"]
[SourceTitle "10 Days #600"]
[Source "Chess Mix"]
[SourceDate "2019.12.20"]
[SourceVersion "1"]
[SourceVersionDate "2019.12.20"]
[SourceQuality "1"]
[TimeControl "40/5400+30:1800+30"]

1. d4 {[%emt 0:00:00]} d5 {[%emt 0:00:00]} 2. c4 {[%emt 0:00:00]} e6 {[%emt 0:00:00]} 3. Nc3 {[%emt 0:02:55]} Nf6 {[%emt 0:00:00]} 4. Nf3 {[%emt 0:00:56]} Nbd7 {[%emt 0:00:00]} 5. cxd5 {[%emt 0:07:28]} exd5 {[%emt 0:00:03]} 6. Bg5 {[%emt 0:00:04]} c6 {[%emt 0:00:26]} 7. e3 {[%emt 0:00:30]} h6 {[%emt 0:00:20]} 8. Bh4 {[%emt 0:00:47]} g5 {[%emt 0:00:17]} 9. Bg3 {[%emt 0:00:04]} Nh5 {[%emt 0:00:08]} 10. Bd3 {[%emt 0:04:45]} Nxg3 {[%emt 0:02:17]} 11. hxg3 {[%emt 0:00:05]} Bg7 {[%emt 0:00:44]} 12. O-O {[%emt 0:01:15]} O-O {[%emt 0:19:19]} 13. b4 {[%emt 0:03:41]} a6 {[%emt 0:06:13]} 14. a4 {[%emt 0:01:24]} Qe7 {[%emt 0:00:49]} 15. b5 a5 {[%emt 0:18:44]} 16. Qb3 {[%emt 0:17:08]} Rd8 {[%emt 0:04:29]} 17. Rfc1 {[%emt 0:01:16]} Nf8 {[%emt 0:01:32]} 18. Ne2 {[%emt 0:15:26]} Bd7 {[%emt 0:00:35]} 19. Rab1 {[%emt 0:00:42]} Qd6 {[%emt 0:04:58]} 20. bxc6 {[%emt 0:06:03]} bxc6 {[%emt 0:00:38]} 21. Qc2 {[%emt 0:00:59]} Rdb8 {[%emt 0:01:00]} 22. Bf5 {[%emt 0:05:16]} Bxf5 {[%emt 0:09:13]} 23. Qxf5 {[%emt 0:01:32]} Nd7 {[%emt 0:01:38]} 24. Qc2 {[%emt 0:05:29]} Rxb1 {[%emt 0:01:46]} 25. Rxb1 {[%emt 0:00:23]} c5 {[%emt 0:02:18]} 26. Rb5 {[%emt 0:00:58]} Bf8 {[%emt 0:04:51]} 27. Qd2 {[%emt 0:06:18]} cxd4 {[%emt 0:01:31]} 28. Nfxd4 {[%emt 0:00:54]} Qa3 {[%emt 0:02:50]} 29. Qc2 {[%emt 0:06:21]} Nf6 {[%emt 0:01:57]} 30. Rb1 {[%emt 0:00:50]} Ne4 {[%emt 0:03:00]} 31. Nb5 {[%emt 0:05:46]} Qc5 {[%emt 0:01:53]} 32. Qxc5 {[%emt 0:00:29]} Nxc5 {[%emt 0:00:40]} 33. Nbc3 {[%emt 0:01:08]} Bg7 {[%emt 0:04:44]} 34. Rb5 {[%emt 0:00:23]} Bxc3 {[%emt 0:02:16]} 35. Nxc3 {[%emt 0:01:13]} Ne4 {[%emt 0:00:07]} 36. Nxd5 {[%emt 0:01:32]} Kg7 {[%emt 0:00:21]} 37. g4 {[%emt 0:00:50]} Rc8 {[%emt 0:01:04]} 38. f3 {[%emt 0:00:23]} Rc1+ {[%emt 0:02:06]} 39. Kh2 {[%emt 0:00:04]} Nc5 {[%emt 0:00:30]} 40. Rxa5 {[%emt 0:00:00]} Rc4 {[%emt 0:00:00]} 41. e4 {[%emt 0:03:02]} Nxa4 {[%emt 0:00:24]} 42. Ne3 {[%emt 0:00:15]} Rb4 {[%emt 0:00:05]} 43. Nf5+ {[%emt 0:00:21]} Kg6 {[%emt 0:00:23]} 44. Ra8 {[%emt 0:01:12]} Nc5 {[%emt 0:00:21]} 45. Rh8 {[%emt 0:04:29]} Kf6 {[%emt 0:00:11]} 46. Rxh6+ {[%emt 0:01:42]} Ke5 {[%emt 0:00:09]} 47. Nd6 {[%emt 0:01:53]} Nd3 {[%emt 0:00:30]} 48. Nxf7+ {[%emt 0:00:28]} Kf4 {[%emt 0:00:08]} 49. Rf6+ {[%emt 0:03:20]} Ke3 {[%emt 0:00:07]} 50. Nxg5 {[%emt 0:00:37]} Rb2 {[%emt 0:00:22]} 51. Ra6 {[%emt 0:01:18]} Ne1 {[%emt 0:00:35]} 52. Ra3+ {[%emt 0:00:43]} Kf4 {[%emt 0:00:22]} 53. Nh3+ {[%emt 0:00:28]} Ke5 {[%emt 0:00:05]} 54. Ra5+ {[%emt 0:02:20]} Kf6 {[%emt 0:00:05]} 55. g5+ {[%emt 0:01:32]} Kg7 {[%emt 0:00:06]} 56. Ra7+ {[%emt 0:03:38]} Kg6 {[%emt 0:00:10]} 57. Nf4+ {[%emt 0:00:34]} Kxg5 {[%emt 0:00:05]} 58. Kg3 {[%emt 0:00:10]} 1-0

[Event "UKR-ch"]
[Site "Lutsk UKR"]
[Date "2019.12.13"]
[Round "4.3"]
[White "Golubka, Petro"]
[Black "Vysochin, Spartak"]
[Result "1/2-1/2"]
[WhiteElo "2479"]
[BlackElo "2512"]
[WhiteFideId "-1"]
[BlackFideId "-1"]
[PlyCount "41"]
[GameId "2129404752039167"]
[EventDate "2019.12.10"]
[EventType "tourn"]
[EventRounds "9"]
[EventCountry "UKR"]
[EventCategory "15"]
[SourceTitle "10 Days #600"]
[Source "Chess Mix"]
[SourceDate "2019.12.20"]
[SourceVersion "1"]
[SourceVersionDate "2019.12.20"]
[SourceQuality "1"]
[TimeControl "40/5400+30:1800+30"]

1. c4 {[%emt 0:00:00]} c6 {[%emt 0:00:00]} 2. e4 {[%emt 0:00:00]} d5 {[%emt 0:00:09]} 3. exd5 {[%emt 0:00:00]} cxd5 {[%emt 0:00:08]} 4. d4 {[%emt 0:00:00]} Nf6 {[%emt 0:00:34]} 5. Nc3 {[%emt 0:00:00]} g6 {[%emt 0:00:47]} 6. Bg5 {[%emt 0:06:00]} Bg7 {[%emt 0:05:07]} 7. Bxf6 {[%emt 0:03:56]} Bxf6 {[%emt 0:01:11]} 8. cxd5 {[%emt 0:00:05]} O-O {[%emt 0:03:19]} 9. Qd2 {[%emt 0:02:29]} e6 {[%emt 0:16:23]} 10. Bc4 {[%emt 0:10:24]} exd5 {[%emt 0:00:26]} 11. Bxd5 {[%emt 0:02:41]} Nc6 {[%emt 0:01:49]} 12. Nge2 {[%emt 0:03:27]} Qb6 {[%emt 0:04:09]} 13. Rd1 {[%emt 0:08:49]} Bg4 {[%emt 0:08:02]} 14. f3 {[%emt 0:10:15]} Be6 {[%emt 0:01:56]} 15. O-O {[%emt 0:01:48]} Rad8 {[%emt 0:00:16]} 16. Bxc6 {[%emt 0:02:00]} bxc6 {[%emt 0:02:59]} 17. b3 {[%emt 0:01:38]} Rfe8 {[%emt 0:01:20]} 18. Kh1 {[%emt 0:03:20]} Bc8 {[%emt 0:03:19]} 19. Ne4 {[%emt 0:02:28]} Bg7 {[%emt 0:00:42]} 20. Nc5 {[%emt 0:00:55]} a5 {[%emt 0:08:49]} 21. Qc2 {[%emt 0:03:12]} 1/2-1/2